000 00288nam a2200109Ia 4500
008 200302s9999 xx 000 0 und d
100 _aKatherine Benzel
245 _aThe Room in Context Design Beyond Boundaries
260 _bTata Mcgraw-Hill Com. Ltd.
260 _c1997
300 _a388 P.,
999 _c2419
_d2419